Sports Quiz

Random Sports Quiz

Barcelona and Chelsea title-winners Quiz Stats

 Plays Quiz not verified by Sporcle

Score 0/5 Timer 04:00
0 Plays Today
Answer % Correct
Cesc Fabregas
78%
Pedro
74.6%
Deco
58.1%
Eidur Gudjohnsen
35.1%
Juliano Belletti
30.2%

You're not logged in!

Compare scores with friends on all Sporcle quizzes.
OR
Log In

Sporcle TV

Today on Sporcle TV


Watch our educational content, quiz creation guides, and fun videos on Sporcle TV.

Show Comments

Extras

Top Quizzes Today


Score Distribution

Your Account Isn't Verified!

In order to create a playlist on Sporcle, you need to verify the email address you used during registration. Go to your Sporcle Settings to finish the process.

Report this User

Report this user for behavior that violates our Community Guidelines.

Details: